000 00469ntaaa2200181 4500
003 01
005 20251027202204.0
008 0714s1973 ag 01
040 _aAR-BaBN
_bspa
_cAR-BaBN
_eaacr
_dRIC
082 _a267.4000 H89
100 _aHunt, Alma
_920453
245 _aWoman's Missionary Union
250 _a1 ed.
260 _aBirmingham, Ala. :
_bWoman's Missionary Union,
_cs.f.
300 _a117 p
650 _aSociedad femenil misionera
_910447
942 _cBK
999 _c16830
_d16830